000 00523nam a2200169 i 4500
001 92498
003 ES-MaACL
005 20230906181002.0
007 t|
008 050310s1973 sp ||||1| spa d
100 1 _aLinhartova, Vera.
_972442
245 1 0 _aTapices /
_cpor Vera Linhartova; traducción de Mariuccia Galfetti de Gili.
260 _aBarcelona :
_bGustavo Gili,
_c[1973]
300 _a92 p. :
_b26 lám. neg. y col. ;
_c21 cm.
700 1 _aGalfetti, Mariuccia.
_953387
852 _aES-MaACL
_jC-52511
_bR.85612
999 _c92498
_d92498